000 00481nam a22001817a 4500
005 20251108175835.0
008 250721s2016 xx 000 0 eng d
082 1 4 _aJ/F/GAR
100 1 _aGarr, Bonita
245 1 0 _aYoure IT , Dory ! /
264 1 _aبيروت :
_bthe disney storybook art team,
_c2016.
300 _a28P.
650 1 7 _aFICITION
650 1 7 _aCHILDREN
653 _aاطفال مرحلة متوسطة(6-9)سنوات
942 _2ddc
_cBK
999 _c143667
_d143667